000 00696naa a2200205 4500
001 166528
003 ES-MaBCM
005 20241016190952.0
008 090213s2009 fra|r0p 0 ||fre d
021 _axx
035 _a(OCoLC)1365250497
040 _cES-MaBCM
100 1 _aVila, Jean-Baptiste
_986729
245 0 0 _aAddiction aux jeux et santé publique
_b: recomposition de l'ordre public ou nouveau motif d'intérêt général?
_cJean-Baptiste Vila
650 7 _aJuego de azar
_959117
651 4 _aFrancia
_9115364
773 0 _aEn:
_tAJDA. L'actualité juridique. Droit administratif
_dParis
_w104215
_gNº 33 (oct. 2008), p. 1804-1811
942 _cAREV
999 _c166528
_d166528
650 0 _aLudopatía
_9126832